BEHAVIOURAL ECONOMICS ADVANCED ECONOMIC POL.& THEO (Record no. 7933)

MARC details
000 -LEADER
fixed length control field 00334nam a2200133Ia 4500
008 - FIXED-LENGTH DATA ELEMENTS--GENERAL INFORMATION
fixed length control field 260604s9999 xx 000 0 und d
020 ## - INTERNATIONAL STANDARD BOOK NUMBER
International Standard Book Number 9783031691652
082 ## - DEWEY DECIMAL CLASSIFICATION NUMBER
Classification number 330 BLE
100 ## - MAIN ENTRY--PERSONAL NAME
Personal name BLEICHRODT
9 (RLIN) 35173
245 #0 - TITLE STATEMENT
Title BEHAVIOURAL ECONOMICS ADVANCED ECONOMIC POL.& THEO
260 ## - PUBLICATION, DISTRIBUTION, ETC.
Name of publisher, distributor, etc. PAL
500 ## - GENERAL NOTE
General note Economy, Behavior
942 ## - ADDED ENTRY ELEMENTS (KOHA)
Koha item type Book
Holdings
Date last seen Total Checkouts Full call number Barcode Cost, replacement price Price effective from Koha item type Lost status Damaged status Not for loan Withdrawn status Home library Current library Shelving location Date acquired Cost, normal purchase price BOOK NO
06/04/2026   330 BLE 003551 7832.71 06/04/2026 Book         Indian Institute of Management Visakhapatnam Indian Institute of Management Visakhapatnam   06/04/2026 7832.71 BLE

Copyright © 2024 Indian Institute of Management Visakhapatnam
Koha v23.05